|
|
|
|
| LEADER |
01164nam a22002417a 4500 |
| 001 |
33735 |
| 003 |
BD-DhAAL |
| 005 |
20181009162614.0 |
| 008 |
180916t2017 bg a|||| ||||f00| 0 eng d |
| 999 |
|
|
|c 40021
|d 40021
|
| 040 |
|
|
|a BD-DhAAL
|
| 082 |
|
|
|2 21
|a 370.95492
|
| 245 |
|
|
|a Education sector strategy and actions for implementation of the 7th five year plan (FY2016-20) /
|c General Economics Division, Bangladesh Planning Commission
|
| 260 |
|
|
|a Dhaka :
|b General Economics Division, Bangladesh Planning Commission,
|c 2017
|
| 300 |
|
|
|a x, 128 pages :
|b some color illustrations ;
|c 28 cm.
|
| 500 |
|
|
|a This document is printed with financial support from Engaging with Institutions (EI), IP Project, UNDP Bangladesh
|
| 526 |
|
|
|a AAL
|
| 541 |
|
|
|a Development book agency
|e 33735
|
| 650 |
|
|
|a Education
|z Bangladesh.
|9 28205
|
| 710 |
|
|
|a General Economics Division,
|b Bangladesh Planning Commission
|9 28206
|
| 852 |
|
|
|a Ayesha Abed Library
|c General Stacks
|
| 942 |
|
|
|2 ddc
|c BK
|
| 952 |
|
|
|0 0
|1 0
|2 ddc
|4 0
|6 370_954920000000000_EDU
|7 0
|9 64304
|a BRACUL
|b BRACUL
|c GEN
|d 2018-08-28
|e Development Book Agency
|g 500.00
|l 0
|o 370.95492 EDU
|p 3010033735
|r 2018-08-28
|t 1
|v 500.00
|w 2018-08-28
|y BK
|